000 00365nam a2200145Ia 4500
008 240624s9999 xx 000 0 und d
041 _aeng
082 _a658.3 DES
100 _aDESSLER GARY
245 _aFRAMEWORK FOR HUMAN RESOURCE MANAGEMENT
250 _a(7th ed.)
260 _c2014
_aNew Delhi
_bPearson
300 _a336 : p. : cm. ; 26
365 _cRS
_b33
999 _c25486
_d25486